[Event "Karelia-ch"]
[Site "Petrozavodsk"]
[Date "2008.03.10"]
[Round "9"]
[White "Sklyarov, Dmitry V"]
[Black "Turubchuk, Andrey"]
[Result "1-0"]
[WhiteElo "2402"]
[BlackElo "2200"]
[PlyCount "43"]
[EventDate "2008.03.05"]
[EventType "swiss"]
[EventRounds "9"]
[EventCountry "RUS"]
[SourceTitle "CBM 123 Extra"]
[Source "ChessBase"]
[SourceDate "2008.05.06"]
[SourceVersion "1"]
[SourceVersionDate "2008.05.06"]
[SourceQuality "1"]

1. e4 c5 2. Nf3 e6 3. c3 b6 4. d4 Ba6 5. Bxa6 Nxa6 6. 0-0 Nc7 7. c4 d6 8. Nc3 Ne7 9. Qe2 Nc6 10. Rd1 Qf6 11. e5 dxe5 12. Ne4 Qg6 13. Nh4 Nxd4 14. Rxd4 exd4 15. Nxg6 hxg6 16. Bf4 0-0-0 17. Ng5 Rd7 18. Qe4 f6 19. Bxc7 Kxc7 20. Nxe6+ Kb8 21. Qc6 Re7 22. Nxf8 1-0